| 000 | 00494nam a22001577a 4500 | ||
|---|---|---|---|
| 008 | 230405b |||||||| |||| 00| 0 eng d | ||
| 020 | _a81-900026-7-8 | ||
| 040 |
_aNational Science Library _cNational Science Library |
||
| 080 |
_a330.342(540) _bM7 |
||
| 100 |
_aSeth, Vijay K _96408 |
||
| 245 | _aIndustrialization in India spatial perspective | ||
| 260 |
_aDelhi: _bcommonwealth Publishers, _c1987 |
||
| 300 | _axii, 242p. | ||
| 653 | _aIndustrialization in India | ||
| 942 |
_2udc _cBK |
||
| 999 |
_c18953 _d18953 |
||